Principles of macroeconomics (Record no. 85712)

MARC details
000 -LEADER
fixed length control field 00756 a2200253 4500
003 - CONTROL NUMBER IDENTIFIER
control field CBULib
005 - DATE AND TIME OF LATEST TRANSACTION
control field 20250218130609.0
008 - FIXED-LENGTH DATA ELEMENTS--GENERAL INFORMATION
fixed length control field 241029b |||||||| |||| 00| 0 eng d
020 ## - INTERNATIONAL STANDARD BOOK NUMBER
International Standard Book Number 9780393872330
040 ## - CATALOGING SOURCE
Language of cataloging English
Transcribing agency CBULib
Description conventions rda
050 ## - LIBRARY OF CONGRESS CALL NUMBER
Classification number QC 100 Cop
100 ## - MAIN ENTRY--PERSONAL NAME
Personal name Coppock, Lee
245 ## - TITLE STATEMENT
Title Principles of macroeconomics
Statement of responsibility, etc / by Lee Coppock
250 ## - EDITION STATEMENT
Edition statement Third edition.
260 ## - PUBLICATION, DISTRIBUTION, ETC. (IMPRINT)
Name of publisher, distributor, etc W. W. Norton and Company :
Date of publication, distribution, etc 2021
Place of publication, distribution, etc New York,
300 ## - PHYSICAL DESCRIPTION
Extent xlii, 691, A34 pages : color illustrations
336 ## - CONTENT TYPE
Source rdacontent
Content type term Text |
Content type code txt
337 ## - MEDIA TYPE
Source rdamedia
Media type term Unmediated |
Media type code n
338 ## - CARRIER TYPE
Source rdacarrier
Carrier type term Volume
Carrier type code nc
500 ## - GENERAL NOTE
General note Includes glossary
650 #0 - SUBJECT ADDED ENTRY--TOPICAL TERM
9 (RLIN) 3038
Topical term or geographic name as entry element MACROECONOMICS
650 #0 - SUBJECT ADDED ENTRY--TOPICAL TERM
9 (RLIN) 3838
Topical term or geographic name as entry element MACROECONOMICS TEXTBOOKS
942 ## - ADDED ENTRY ELEMENTS (KOHA)
Source of classification or shelving scheme
Koha item type MONOGRAPH
Holdings
Withdrawn status Lost status Source of classification or shelving scheme Damaged status Not for loan Collection code Permanent Location Current Location Shelving location Date acquired Source of acquisition Full call number Barcode Date last seen Price effective from Koha item type Cost, normal purchase price
          CBU-Lusaka Campus CBU- LUSAKA CAMPUS CBU- LUSAKA CAMPUS General Stacks 10/29/2024 BOOK AID INTERNATIONAL QC 100 Cop 753084 10/29/2024 10/29/2024 MONOGRAPH  
          CBU-Lusaka Campus CBU- LUSAKA CAMPUS CBU- LUSAKA CAMPUS General Stacks 10/29/2024 BOOK AID INTERNATIONAL QC 100 Cop 753083 10/29/2024 10/29/2024 MONOGRAPH  
          Main Library Open Access Collection CBU-MAIN LIBRARY, KITWE. CBU-MAIN LIBRARY, KITWE. General Stacks 02/18/2025 BOOK AID INTERNATIONAL QC 100 Cop 753427 02/18/2025 02/18/2025 MONOGRAPH 156.66
          Main Library Open Access Collection CBU-MAIN LIBRARY, KITWE. CBU-MAIN LIBRARY, KITWE. General Stacks 02/18/2025 BOOK AID INTERNATIONAL QC 100 Cop 753426 02/18/2025 02/18/2025 MONOGRAPH 156.66